First and Last Letters: Harry Potter Part III Quiz Stats

 Plays Quiz not verified by Sporcle

Challenge
Share
Tweet
Embed
Score 0/20 Timer 08:00
1 Play Today
First and Last Letters Answer % Correct
De AyDumbledore's Army
92.5%
Qh Wd CpQuidditch World Cup
92.5%
Dy PtDaily Prophet
86.8%
Te QrThe Quibbler
84.9%
Tm Mo ReTom Marvolo Riddle
79.2%
Gs HwGodric's Hollow
75.5%
Ce of Ml CsCare of Magical Creatures
73.6%
By Ch Jr Barty Crouch Junior
67.9%
Eo PmExpecto Patronum
66%
Rs Jn LnRemus John Lupin
66%
First and Last Letters Answer % Correct
Md-Ee MyMad-Eye Moody
64.2%
Nr 12 Gd PeNumber 12 Grimmauld Place
60.4%
Td TtTriwizard Tournament
52.8%
Dh EsDeath Eaters
52.8%
Ks Cs SnKings Cross Station
50.9%
Mm Ms Rs Fr Al OsMadam Malkin's Robes For All Occasions
50.9%
Lt Dm of RwLost Diadem of Ravenclaw
35.8%
Fn FtForbidden Forest
32.1%
Ce Hd SkCrumple Horned Snorkack
22.6%
Sl CeShell Cottage
18.9%

You're not logged in!

Compare scores with friends on all Sporcle quizzes.
OR
Log In

You Might Also Like...

Show Comments

Extras

Top Quizzes Today


Score Distribution

Your Account Isn't Verified!

In order to create a playlist on Sporcle, you need to verify the email address you used during registration. Go to your Sporcle Settings to finish the process.

Report this User

Report this user for behavior that violates our Community Guidelines.

Details: